| 000 | 00431nam a2200169 a 4500 | ||
|---|---|---|---|
| 005 | 20140310183147.0 | ||
| 008 | 020826s19uu xx 00 eng d | ||
| 020 | _a071009006997 | ||
| 050 |
_aPZ 7 _b.St813 1995 |
||
| 100 | _aSteel, Daniel | ||
| 245 |
_aWings / _cDaniel Steel. |
||
| 260 |
_aUSA : _bDell Publishing Group Inc., _c1995. |
||
| 300 |
_a452 p. : _c18 cm. |
||
| 650 | _aFiction | ||
| 942 |
_cBK _2lcc |
||
| 999 |
_c19562 _d19562 |
||